UBT Library

Thinking mathematically / (Record no. 44228)

000 -LEADER
fixed length control field 00704cam a22002538i 4500
001 - CONTROL NUMBER
control field 20050196
005 - DATE AND TIME OF LATEST TRANSACTION
control field 20180306092932.0
008 - FIXED-LENGTH DATA ELEMENTS--GENERAL INFORMATION
fixed length control field 171006s2019 mau 000 0 eng
010 ## - LIBRARY OF CONGRESS CONTROL NUMBER
LC control number 2017046337
020 ## - INTERNATIONAL STANDARD BOOK NUMBER
International Standard Book Number 9780134683713 (alk. paper)
020 ## - INTERNATIONAL STANDARD BOOK NUMBER
International Standard Book Number 0134683714 (alk. paper)
040 ## - CATALOGING SOURCE
Original cataloging agency DLC
Language of cataloging eng
Transcribing agency DLC
Description conventions rda
041 ## - LANGUAGE CODE
Language code of text/sound track or separate title eng
042 ## - AUTHENTICATION CODE
Authentication code pcc
080 ## - UNIVERSAL DECIMAL CLASSIFICATION NUMBER
Universal Decimal Classification number 510 rob
082 00 - DEWEY DECIMAL CLASSIFICATION NUMBER
Classification number 510 rob
Edition number 23
100 1# - Rafti
Rafti 36
101 ## - Shkurtesa
Shkurtesa mat
245 10 - TITLE STATEMENT
Title Thinking mathematically /
Statement of responsibility, etc Robert F. Blitzer.
263 ## - PROJECTED PUBLICATION DATE
Projected publication date 1111
906 ## - LOCAL DATA ELEMENT F, LDF (RLIN)
a 0
b vip
c orignew
d 1
e ecip
f 20
g y-gencatlg
942 ## - ADDED ENTRY ELEMENTS (KOHA)
Source of classification or shelving scheme
Item type Books
Holdings
Withdrawn status Lost status Source of classification or shelving scheme Damaged status Not for loan Collection code Permanent location Current location Shelving location Date acquired Total Checkouts Full call number Barcode Date last seen Price effective from Koha item type
          Koleksioni i përgjithshem UBT - Lipjan UBT - Lipjan Koleksioni i përgjithshem 03/06/2018   510 rob 002-3000690 03/06/2018 03/06/2018 Books
UBT Library © 2015-2024. All rights reserved University Education for Business and Technology